000 00714nam a2200205Ii 4500
003 JO-AjNU
008 230605s9999||||xx |||||||||||||| ||und||
040 _aJO-AjNU
_bara
_erda
_cJO-AjNU
041 _aara
050 1 4 _aB741.N8512.1988
100 3 _aالنورسي، سعيد، ترجمة الصالحي، احسان قاسم ,
_eauthor
_939881
245 0 0 _aمرشد الشباب للنجاة في يوم الحساب
250 _aط1
264 3 1 _aبغداد:مطبعة الخلود ،1988
300 _a144ص
336 _atext
_btxt
_2rdacontent
337 _aunmediated
_bn
_2rdamedia
338 _avolume
_bnc
_2rdacarrier
650 4 _aالتصوف الاسلامي-فلسفة اسلامية
_939882
999 _aA16880
_c20448
_d20448